| 000 | 01717nmc a2200493 a 4500 | ||
|---|---|---|---|
| 003 | AR-BaBNM | ||
| 005 | 20251128202919.0 | ||
| 008 | 277019s1974 ||||||||||||||000 | spa|| | ||
| 040 | _cAR-BaBNM | ||
| 100 | 1 | _aGozzer, Giovanni | |
| 245 | 1 | 0 |
_aBases para organizar el currículum de ciencias _bniveles primario y medio |
| 260 |
_aBuenos Aires _bEl Ateneo _c1974 |
||
| 300 | 1 | _axii, 139 p. | |
| 490 | 0 | _aBiblioteca nuevas orientaciones de la educación. Problemática de la educación | |
| 500 | 0 | _aContiene referencias bibliográficas en notas a pie de página | |
| 650 | 4 | _aCURRICULO | |
| 650 | 4 | _aENSENANZA DE LA FISICA | |
| 650 | 4 | _aENSENANZA DE LA BIOLOGIA | |
| 650 | 4 | _aENSENANZA DE LA QUIMICA | |
| 650 | 4 | _aENSENANZA DE LA GEOGRAFIA | |
| 650 | 4 | _aCURRICULO DE ENSENANZA PRIMARIA | |
| 650 | 4 | _aCURRICULO DE ENSENANZA SECUNDARIA | |
| 650 | 4 | _aMATERIAS DEL CURRICULO | |
| 650 | 4 | _aENSENANZA DE LAS CIENCIAS | |
| 653 | 0 | _aCONTENIDOS CURRICULARES | |
| 653 | 0 | _aESTRATEGIAS DIDACTICAS | |
| 700 | 1 |
_aPavan, Mario _ecolaborador |
|
| 700 | 1 |
_aPaganelli, Zeno _ecolaborador |
|
| 700 | 1 |
_aVerzella, Giuseppe _ecolaborador |
|
| 700 | 1 |
_aMagagnoli, Donvina _ecolaborador |
|
| 700 | 1 |
_aYantson, A.J. _ecolaborador |
|
| 700 | 1 |
_aFiorentini, Francesco _ecolaborador |
|
| 700 | 1 |
_aUva, Anna _ecolaborador |
|
| 700 | 1 |
_aAzero, Elisabetta _ecolaborador |
|
| 700 | 1 |
_aPalambi, Arturo _ecolaborador |
|
| 700 | 1 |
_aTomaselli, Ruggiero _ecolaborador |
|
| 700 | 1 |
_aCelli, Silvano _ecolaborador |
|
| 700 | 1 |
_aLeyva, José María _etraductor |
|
| 800 | 1 |
_aTula, María Arsenia _edirector |
|
| 800 | 1 |
_aBähler, N. Ruth _edirector |
|
| 800 | 1 | _aMárquez, Angel Diego | |
| 942 | _cBK | ||
| 998 | _cSILVI | ||
| 999 |
_c1163 _d1163 |
||